Presidentes do Brasil - Statistics

Estatísticas Gerais
  • Esse quiz foi jogado 113 vezes
  • A pontuação média é 26 de 39
Estatísticas das Respostas
Mandato (Ano) Nome do Presidente % Correto
36 (2011-2016) Dilma Rousseff
96%
38 (2019-2022) Jair Messias Bolsonaro
96%
39 (2023-2026) Luiz Inácio Lula da Silva
96%
35 (2003-2010) Luiz Inácio Lula da Silva
96%
37 (2016-2018) Michel Temer
94%
34 (1995-2002) Fernando Henrique Cardoso
93%
1 (1889-1891) Deodoro da Fonseca
89%
32 (1990-1992) Fernando Collor de Mello
89%
17 (1951-1954) Getúlio Vargas
87%
14 (1930-1945) Getúlio Vargas
87%
33 (1992-1994) Itamar Franco
87%
31 (1985-1990) José Sarney
87%
24 (1961-1964) João Goulart
81%
27 (1967-1969) Artur da Costa e Silva
78%
26 (1964-1967) Humberto Castelo Branco
78%
28 (1969-1974) Emílio Garrastazu Médici
76%
22 (1961) Jânio Quadros
76%
30 (1979-1985) João Batista Figueiredo
76%
29 (1974-1979) Ernesto Geisel
72%
2 (1891-1894) Floriano Peixoto
72%
21 (1956-1961) Juscelino Kubitschek
67%
18 (1954-1955) Café Filho
63%
6 (1906-1909) Afonso Pena
52%
16 (1946-1951) Eurico Gaspar Dutra
52%
7 (1909-1910) Nilo Peçanha
52%
25 (1964) Ranieri Mazzilli
52%
23 (1961) Ranieri Mazzilli
52%
3 (1894-1898) Prudente de Morais
50%
4 (1898-1902) Campos Sales
48%
19 (1955) Carlos Luz
48%
8 (1910-1914) Hermes da Fonseca
48%
12 (1922-1926) Artur Bernardes
46%
13 (1926-1930) Washington Luiz
46%
9 (1914-1918) Venceslau Brás
41%
11 (1919-1922) Epitácio Pessoa
39%
20 (1955-1956) Nereu Ramos
39%
5 (1902-1906) Rodrigues Alves
39%
10 (1918-1919) Delfim Moreira
37%
15 (1945-1946) José Linhares
35%
Nenhum quiz correspondente encontrado
Distribuição das Pontuações
Porcentagem de Pessoas com Cada Pontuação
Percentil de Números Respondidos
Sua Pontuação Histórica
Você não jogou esse quiz